Introduction to algorithms (Record no. 5807)

MARC details
000 -LEADER
fixed length control field 00640cam a2200229ua 4500
008 - FIXED-LENGTH DATA ELEMENTS--GENERAL INFORMATION
fixed length control field 140307n ii |||gr||||Z||||||eng
020 ## - INTERNATIONAL STANDARD BOOK NUMBER
International Standard Book Number 978-81-203-2141-0
040 ## - CATALOGING SOURCE
Transcribing agency MAIN
082 ## - DEWEY DECIMAL CLASSIFICATION NUMBER
Classification number 518.1
245 ## - TITLE STATEMENT
Title Introduction to algorithms
Statement of responsibility, etc. By Thomas H. Cormen
250 ## - EDITION STATEMENT
Edition statement 2nd ed.
260 ## - PUBLICATION, DISTRIBUTION, ETC.
Place of publication, distribution, etc. U.S.A.:
Name of publisher, distributor, etc. Prentice-Hall of India private limited,
Date of publication, distribution, etc. 2001.
300 ## - PHYSICAL DESCRIPTION
Extent ix,1145p.
700 ## - ADDED ENTRY--PERSONAL NAME
Personal name Cormen,Thomas H.,
Relator term
700 ## - ADDED ENTRY--PERSONAL NAME
Personal name Leiserson,Charles E.,
Relator term
700 ## - ADDED ENTRY--PERSONAL NAME
Personal name Rivest,Ronald L.,
Relator term
700 ## - ADDED ENTRY--PERSONAL NAME
Personal name Stein,Clifford,
Relator term
942 ## - ADDED ENTRY ELEMENTS (KOHA)
Koha item type Books
653 ## - INDEX TERM--UNCONTROLLED
Uncontrolled term Numerical analysis
653 ## - INDEX TERM--UNCONTROLLED
Uncontrolled term Algorithms
Holdings
Withdrawn status Lost status Damaged status Not for loan Home library Current library Shelving location Date acquired Total Checkouts Full call number Barcode Date last seen Copy number Price effective from Koha item type
        Central Library, Naharkatiya College Central Library, Naharkatiya College General Stacks 19/09/2020   518.1 | COR 18488 19/09/2020 1 19/09/2020 Books
        Central Library, Naharkatiya College Central Library, Naharkatiya College General Stacks 19/09/2020   518.1 | COR 18489 19/09/2020 2 19/09/2020 Books

Naharkatiya College © 2020. All rights reserved.

Powered By